|
|
|
|
| LEADER |
00000nas a2200000 i 4500 |
| 001 |
ssj0043761 |
| 003 |
WaSeSS |
| 005 |
20200512172242.0 |
| 006 |
m d |
| 007 |
cr n |
| 008 |
060630d20052013dcuqr os 0 a0eng d |
| 022 |
|
|
|y 0148-0227
|
| 035 |
|
|
|a (WaSeSS)ssj0043761
|
| 040 |
|
|
|a WaSeSS
|b eng
|c WaSeSS
|d WaSeSS
|
| 050 |
|
4 |
|a QH343.7
|
| 245 |
0 |
0 |
|a Journal of geophysical research.
|n G,
|p Biogeosciences
|h [electronic resource].
|
| 246 |
1 |
|
|a JGR.
|p Biogeosciences
|
| 260 |
|
|
|a Washington, D.C. :
|b American Geophysical Union,
|c 2005-2012.
|
| 310 |
|
|
|a Quarterly
|
| 362 |
1 |
|
|a Began with Volume 110, issue G1 (September 2005); ceased with Volume 117, issue G4 (June 2013).
|
| 506 |
|
|
|a License restrictions may limit access.
|
| 580 |
|
|
|a Between 1949 and 2012 the enumeration of Journal of Geophysical Research presented the journal as one volume. For this reason CONSER and the US ISSN center treat the 1949 publication of JGR as one entity. However, due to inconsistencies with title representation and packaging we have created individual non-CONSER records for the JGR disciplinary sections in our system to accomodate these discrepancies.
|
| 588 |
|
|
|a Description based on: Volume 110, issue G1 (September 2005); title from table of contents page (Wiley, viewed September 16, 2013).
|
| 588 |
|
|
|a Latest issue consulted: Volume 117, issue G4 (June 2013) (viewed September 16, 2013).
|
| 650 |
|
0 |
|a Biogeochemistry
|v Periodicals.
|
| 650 |
|
0 |
|a Biodiversity
|v Periodicals.
|
| 650 |
|
0 |
|a Biotic communities
|v Periodicals.
|
| 650 |
|
0 |
|a Geobiology
|v Periodicals.
|
| 655 |
|
0 |
|a Electronic journals.
|
| 710 |
2 |
|
|a American Geophysical Union.
|
| 785 |
0 |
0 |
|t Journal of geophysical research. Biogeosciences (Online)
|x 2169-8961
|w (DLC) 2012200742
|w (OCoLC)810136014
|
| 787 |
0 |
8 |
|t Journal of geophysical research
|x 2156-2202
|w (DLC) 2010204525
|w (OCoLC)244832696
|
| 856 |
4 |
0 |
|z Full text available from Research Library: 01/01/2009 to 10/31/2012
|u https://search.proquest.com/publication/54726
|